000 01028nam a2200265 a 4500
001 BD-DhSAU 516
003 BD-DhSAU
005 20150101022636.0
008 870424s1985 bg ab b f100 0 eng
040 _cBD-DhSAU
082 0 0 _a630.72
_222
_bTEN
111 2 _aNational Symposium on Agricultural Research
_d(1983 :
_cDhaka, Bangladesh)
245 1 0 _aTen years of agricultural research in Bangladesh :
_bproceedings of the National Symposium on Agricultural Research /
260 _aDhaka :
_bBangladesh Agricultural Research Council ;
_c1985.
300 _axviii, 277 p. :
_bill. ;
_c24 cm.
500 _a"Sponsored by the Bangladesh Agricultural Research Council"--T.p. verso.
504 _aIncludes bibliographies.
590 _ajoy
650 0 _aAgriculture
_xResearch
_zBangladesh
_xCongresses.
650 0 _aAgronomy
650 0 _aAgriculture
_zBangladesh
_xCongresses.
710 2 _aBāṃlādeśa Kr̥shi Gabeshaṇā Kāunsila.
740 0 _a10 years of agricultural research in Bangladesh.
906 _gy-gencatlg
942 _2ddc
_cBOOK
999 _c516
_d516